00664nam a2200193 a 450000100100000000500170001000800410002702000150006804000250008308200130010810000280012124500720014926000330022130000280025459000260028250000340030895201110034299900170045300004237020201002040117.0131127s1995 sp a 001 0 spa d a8408016156 aDO-SdBNPbspacBNPHU axxxbxxx1 aMayrata, Ramón96945310aAlí Bey el Abasí :bun cristiano en la Meca /cRamón Mayrata. aEspaña, :bPlaneta,c1995. a334 p. :bil. ;c21 cm. aInventariado, 2019/VM aIncluye índice onomástico 001050718MOaGRbGRcHDd2013-11-27iLF1l0oxxx xxxp42370-10r2020-06-25w2020-06-25y1ZNo se presta c41859d41859